Rímsky rituál obnovený podľa zásad ustanovených Druhým vatikánskym koncilom a vyhlásený autoritou pápeža Pavla VI. Pomazanie chorých a pastoračná starostlivosť o nich

Bibliographic Details
Format: Book
Language:Slovak
PhysicalDescription:255 s. 24 cm
Published: Trnava Spolok svätého Vojtecha 2010
ISBN:9788071628583
Edition:1. vyd.
Subjects:

MARC

LEADER 00000nam a2200000 a 4500
001 vtls010208704
003 SK-MaSNL
005 20260302011556.0
008 180809s2010 xo f 000 0 slo
015 |a SNBA2011/03-01716 
020 |a 9788071628583  |q (viaz.) 
035 |a 9128F104-5343-459E-BCE9-EB5E203A6158 
035 |a urn:nbn:sk:snk-amjgue 
035 |a urn:nbn:sk:snk-am001s4n 
040 |a SNK  |b slo  |c SNK  |e AACR2 
041 0 |a slo 
044 |a xo  |c SK 
072 7 |a 27-5  |x Liturgia. Kresťanské umenie a symbolika. Duchovný život  |2 konspekt 
080 |a 27-55-486  |2 2001 
080 |a 27-46  |2 2001 
080 |a 27-528.1  |2 2001 
080 |a 27-282  |2 2001 
080 |a (0:82-97)  |2 2001 
245 0 0 |a Rímsky rituál  |b obnovený podľa zásad ustanovených Druhým vatikánskym koncilom a vyhlásený autoritou pápeža Pavla VI.  |p Pomazanie chorých a pastoračná starostlivosť o nich 
246 3 4 |a Pomazanie chorých 
250 |a 1. vyd. 
260 |a Trnava  |b Spolok svätého Vojtecha  |c 2010 
300 |a 255 s.  |c 24 cm 
500 |a Zozn. bibl. citátov 
650 0 7 |a sviatosť chorých  |2 SNKPH  |9 652252 
650 0 7 |a pastoračná starostlivosť  |2 SNKPH  |9 69063 
650 0 7 |a rímsky rítus  |2 SNKPH  |9 154696 
650 0 7 |a Unction  |2 SNKPHeng  |9 479375 
650 0 7 |a Pastoral attention  |2 SNKPHeng  |9 319038 
650 0 7 |a Roman rite  |2 SNKPHeng  |9 344036 
650 0 7 |a Liturgical texts  |2 SNKPHeng  |9 265840 
650 0 7 |a liturgické texty  |2 SNKPH  |9 2001 
655 7 |a modlitby  |2 SNKPH  |9 70550 
655 7 |a príručky  |2 SNKPH  |9 74364 
655 7 |a Prayers  |2 SNKPHeng  |9 291214 
655 7 |a Handbooks, manuals, etc.  |2 SNKPHeng  |9 90964 
919 |a 978-8-07162-858-3 
958 |a NT 
968 |d 2 
999 |c 1006616  |d 1008546 
952 |a SNK  |b SNK  |y PREZ  |7 0  |p 17A0687632  |o snkSC 143908  |i snk2011/2648  |8 0  |0 0  |1 0  |4 0  |d 2011-02-03  |l 0  |r 2025-07-11 00:00:00  |w 2026-02-24 
952 |a SNK  |b SNK  |y VYP  |7 0  |p 17A0687631  |o snkSC 143908 D1  |i snk2011/2649  |8 0  |0 0  |1 0  |4 0  |d 2011-02-03  |f 1  |l 0  |r 2026-02-24 12:38:40  |w 2026-02-24